Part 3! guess The Landmarks - Statistics

General Stats
  • This quiz has been taken 2 times
  • The average score is 4 of 15
Answer Stats
Flags Landmarks % Correct
France Eiffel tower
100%
Indonesia Borobudur
50%
Canada CN tower
50%
Singapore Marina Bay sands
50%
New Zealand Sky tower
50%
Denmark The little mermaid
50%
Iran Azadi tower
0%
Madagascar Baobabs Tree
0%
Netherlands Buurkerk en domtoren
0%
Cuba Capitol of Cuba
0%
Palau Capitol of Palau
0%
Pakistan Faisal mosque
0%
Geogia Gergeti Trinity church
0%
Iraq Great mosque of Samarra
0%
Switzerland Kapellbrücke
0%
No matching quizzes found
Score Distribution
Percent of People with Each Score
Percentile by Number Answered
Your Score History
You have not taken this quiz